| 000 | 00604nam a2200217 a 4500 | ||
|---|---|---|---|
| 001 | 22989 | ||
| 003 | CO-ViMGA | ||
| 008 | 141112s2004 ck r 000 u spa d | ||
| 020 | _a9580484392 | ||
| 040 |
_aCO-ViMGA _bspa _cCO-ViMGA |
||
| 082 | 0 | 4 | _aMCKq |
| 100 | 1 |
_aMackee, David _933046 |
|
| 245 | 1 | 0 | _aQuièn es la señora garcìa? |
| 260 |
_aColombia : _bNorma |
||
| 300 | _a28p. | ||
| 505 | _aQuièn es la señora garcìa? | ||
| 650 | 1 | 4 |
_aCUENTOS INFANTILES INGLESES _915884 |
| 650 | 1 | 4 |
_aTOLERANCIA - CUENTOS INFANTILES _925070 |
| 650 | 1 | 4 |
_aVALORES - CUENTOS INFANTILES _933047 |
| 942 |
_2ddc _cBK |
||
| 999 |
_c31275 _d31275 |
||